Organización y administración escolar
Gardado en:
| Autor Principal: | |
|---|---|
| Formato: | Libro |
| Idioma: | Lingua castelá |
| Publicado: |
Buenos Aires
Kapelusz
1965
|
| Series: | Biblioteca de cultura pedagógica
|
| Subjects: | |
| Tags: |
Engadir etiqueta
Sen Etiquetas, Sexa o primeiro en etiquetar este rexistro!
|
MARC
| LEADER | 00000nam a2200000 a 4500 | ||
|---|---|---|---|
| 001 | UCW5189 | ||
| 003 | CL-VaPUC | ||
| 008 | 910108e19650000AG |||||||||||||||||spa|d | ||
| 082 | 0 | 4 | |a 371.2 |b LOU |2 21 |
| 100 | |a Lourenco Filho, Manoel Bergstrom |e autor |9 472073 | ||
| 245 | 1 | 0 | |a Organización y administración escolar |
| 300 | |a 242 p | ||
| 942 | |c BK | ||
| 945 | |d 19910108 00:00:00 | ||
| 260 | |a Buenos Aires |b Kapelusz |c 1965 | ||
| 650 | 0 | |a Administración de la enseñanza |9 261034 | |
| 650 | 0 | |a Gestión educacional |9 261035 | |
| 583 | |a last modification |c 20170427 11:36:17 |k Rodrigo Vera | ||
| 490 | 0 | |a Biblioteca de cultura pedagógica | |
| 999 | |c 218675 |d 218673 | ||
| 952 | |0 0 |1 0 |4 0 |6 371_200000000000000_LOU_1965 |7 0 |8 P |9 208596 |a BIBEDU |b BIBEDU |c BIBEDU_PB |d 2019-11-15 |i 2764806 |o 371.2 LOU 1965 |p 2764806 |r 2024-01-25 |w 2019-11-15 |y BK |k EDU | ||
| 952 | |0 0 |1 0 |4 0 |6 371_200000000000000_LOU_1965 |7 0 |8 P |9 208597 |a BIBEDU |b BIBEDU |c BIBEDU_PB |d 2019-11-15 |i 2764814 |o 371.2 LOU 1965 |p 2764814 |r 2024-01-25 |w 2019-11-15 |y BK |k EDU | ||
| 952 | |0 0 |1 0 |4 0 |6 371_200000000000000_LOU_1965 |7 0 |8 P |9 208598 |a BIBEDU |b BIBEDU |c BIBEDU_PB |d 2019-11-15 |i 1534203 |o 371.2 LOU 1965 |p 1534203 |r 2024-01-25 |w 2019-11-15 |y BK |k EDU | ||
| 952 | |0 0 |1 0 |4 0 |6 371_200000000000000_LOU_1965 |7 0 |8 P |9 208599 |a BIBEDU |b BIBEDU |c BIBEDU_PB |d 2019-11-15 |i 1534211 |o 371.2 LOU 1965 |p 1534211 |r 2024-01-25 |w 2019-11-15 |y BK |k EDU | ||